000
00229nam a22000857a 4500
008
160706b xxu||||| |||| 00| 0 eng d
100
_9
2378
_a
Deb, D
245
_a
The Story of a Mango
260
_a
New Delhi
_b
National Book Trust
_c
1993
999
_c
2055
_d
2055